000 00582nam a22001937a 4500
005 20251108164023.0
008 250721s2001 xx 000 0 ara d
082 1 4 _a811.6009/ساع
100 1 _aالساعد، حسني خضر
245 1 0 _aالحرب و الفروسية في شعر أبي الطيب المتنبي /
264 1 _aعمان :
_bدار الضياء،
_c2001.
300 _a256ص
650 1 7 _aالشعر العربي
650 1 7 _aالعصر العباسي
650 1 7 _aالحرب
650 1 7 _aالنقد الأدبي
942 _2ddc
_cBK
999 _c1623
_d1623